Stardew Valley Villagers - Statistics

General Stats
  • This quiz has been taken 31 times
  • The average score is 28 of 33
Answer Stats
Marriage? Answer % Correct
Yes Abigail
100%
Yes Haley
96%
Yes Maru
96%
Yes Sam
96%
Yes Alex
91%
No Clint
91%
Yes Harvey
91%
Yes Penny
91%
Yes Sebastian
91%
No Demetrius
87%
Yes Emily
87%
No George
87%
No Jodi
87%
Yes Leah
87%
No Lewis
87%
No Marnie
87%
No Pierre
87%
Yes Shane
87%
No Vincent
87%
No Caroline
83%
Yes Elliot
83%
No Evelyn
83%
No Jas
83%
No Linus
83%
No Pam
83%
No Wizard
83%
No Gus
78%
No Kent
78%
No Robin
78%
No Sandy
74%
No Willy
74%
No Krobus
70%
No Dwarf
57%
No matching quizzes found
Score Distribution
Percent of People with Each Score
Percentile by Number Answered
Your Score History
You have not taken this quiz